| 000 | 01138nam0a2200289 i 4500 | ||
|---|---|---|---|
| 001 | RU\NLR\bibl\1984157 | ||
| 005 | 20240921145418.0 | ||
| 010 |
_a9785912921001 _91000 |
||
| 021 |
_aRU _b2012-93814 _96951 |
||
| 035 | _a(NLR Aleph) 002068520 | ||
| 090 |
_a4730620 _c4730620 |
||
| 100 | _a20130109d2012 k y0rusy50 ca | ||
| 101 | 0 | _arus | |
| 102 | _aRU | ||
| 105 | _aa ||||||||| | ||
| 200 | 1 |
_aМеханизмы реализации потенциала устойчивого развития предприятий химической промышленности _fА.Г. Коряков |
|
| 210 |
_aМосква _cКреативная экономика _d2012 |
||
| 215 |
_a283 с. _cил. _d21 |
||
| 320 | _aБиблиогр.: с. 267-283 (159 назв.) | ||
| 606 | 1 |
_aХимические заводы _xУправление _xСитуационный метод _92284381 _3RU\NLR\auth\661368455 |
|
| 686 | _aУ30(2)60-210.3 | ||
| 700 | 1 |
_aКоряков _bА. Г. _gАлексей Георгиевич _4070 |
|
| 801 | 0 |
_aRU _bNLR _c20130109 _gRCR |
|
| 801 | 1 |
_aRU _bNLR _c20130109 |
|
| 942 | _cBOOK | ||
| 980 | _aNBR | ||